[Event "Piemonte-ch"]
[Site "Turin"]
[Date "2008.04.27"]
[Round "9"]
[White "Rasulo, Stefano"]
[Black "Termini, Luigi Robert"]
[Result "1-0"]
[WhiteElo "1614"]
[BlackElo "1459"]
[PlyCount "119"]
[EventDate "2008.04.20"]
[EventType "swiss"]
[EventRounds "9"]
[EventCountry "ITA"]
[SourceTitle "EXT 2011"]
[Source "ChessBase"]
[SourceDate "2010.11.26"]
[SourceVersion "1"]
[SourceVersionDate "2010.11.26"]
[SourceQuality "1"]

1. e4 c5 2. Nf3 Nc6 3. d4 cxd4 4. Nxd4 g6 5. Nc3 Bg7 6. Be3 Nf6 7. f3 0-0 8. Qd2 Re8 9. Bc4 Ne5 10. Bb3 a6 11. h4 h5 12. Bh6 d6 13. Bxg7 Kxg7 14. Qg5 e6 15. 0-0-0 Bd7 16. Rd2 b5 17. Rhd1 b4 18. Nce2 a5 19. c3 a4 20. Bc2 Nc4 21. Rd3 a3 22. bxa3 bxa3 23. Rf1 Qb6 24. Bb3 Ba4 25. Kc2 Bxb3+ 26. Nxb3 Nb2 27. Rd2 Nd7 28. g4 f6 29. Qf4 e5 30. Qg3 Rh8 31. gxh5 Rxh5 32. Qg4 Nf8 33. Ng3 Nc4 34. Nxh5+ Kh6 35. Re2 Ne3+ 36. Rxe3 Qxe3 37. Nxf6 Rb8 38. Qg5+ Qxg5 39. hxg5+ Kxg5 40. Ng4 Ne6 41. Rb1 Kf4 42. Nd2 Rc8 43. Kd3 Nc5+ 44. Kc2 Ne6 45. Kb3 Ng5 46. Rf1 Rc7 47. Nc4 Nxf3 48. Nh2 Kg3 49. Nxf3 Kg2 50. Nfd2 g5 51. Nxd6 g4 52. N6c4 g3 53. Nxe5 Kh3 54. Rg1 g2 55. Ndf3 Kg3 56. Ne1 Kf2 57. N5f3 Rg7 58. Rxg2+ Rxg2 59. Nxg2 Kxf3 60. e5 1-0